00825nam a22002297a 4500003000500000005001700005008004100022010001000063011001000073035001000083040000900093100003500102245017500137250001000312260008700322300003400409650003200443650002000475650003700495700002600532700003700558CHAP20220329142816.0040224d2002 mx r 00110 spa d a88086 a89058 a99607 cCHAP00aCastillo Derflingher, Yolanda.10aManual de organización de la unidad de planeación, organización y métodosc/por Yolanda Castillo Derflingher, Gloria Leticia Clemente Ríos y Jorge Bernal Santos a3 ed. aChapingo, Méx. :bUACH. Unidad de Planeación, Organización y Métodosc2003 a66 h. :borganigramas ; anexo14aManuales de organización.14aOrganización.14aUniversidadesxAdministración.0 aBernal Santos, Jorge.0 aClemente Ríos, Gloria Leticia.